000 00301nam a2200133Ia 4500
008 231129s9999||||xx |||||||||||||| ||spa||
040 _bspa
082 _aU813 B118ju
100 _aBach Richard
245 0 _aJuan Salvador Gaviota: un relato
260 _c199
264 _as.l]
942 _2ddc
_cBKS
999 _c16197
_d16197